| 000 | 01718nam0a22003011 4500 | ||
|---|---|---|---|
| 001 | rc\2774258 | ||
| 005 | 20250810045043.0 | ||
| 035 | _a(NLR Aleph) 006900577 | ||
| 090 |
_a7243194 _c7243194 |
||
| 100 | _a20110915d1941 u y0rusy50 ca | ||
| 101 | 0 | _arus | |
| 102 | _aRU | ||
| 105 | _aa z ||||| | ||
| 200 | 1 |
_aТиповой проект станции проводного вещательного узла мощностью 1300 ватт _fВ разработке проекта принимали участие: руководитель Смет. группы А. А. Канаревский, инженеры Р. Л. Гольденберг, В. Л. Гриневич... и др. _gВсес. гос. трест по изысканиям и проектированию всех видов сооружений связи "Связьпроект" |
|
| 210 |
_aМосква _cСвязьиздат _d1941 |
||
| 215 |
_a56 с., 17 вкл. л. черт., табл. _d25 см. |
||
| 300 | _aНа 5-й с.: "В разработке проекта принимали участие: руководитель Смет. группы Канаревский А. А., инженеры Гольденберг Р. Л., Гриневич В. Л...." и др. | ||
| 702 | 1 |
_aГриневич _bВ.Л. _4570 |
|
| 702 | 1 |
_aГольденберг _bР.Л. _4570 |
|
| 702 | 1 |
_aКанаревский _bА.А. _gАлексей Антонович _4570 |
|
| 712 | 0 | 2 | _aСвязьпроект, трест (Москва) |
| 801 | 0 |
_aRU _bNLR _gpsbo |
|
| 801 | 1 |
_aRU _bELAR _2rusmarc |
|
| 852 |
_aNLR _jТ94 Г-8/10 |
||
| 942 | _cBOOK | ||
| 945 | _aРоссийская национальная библиотека | ||
| 980 | _aNB | ||
| 980 | _aBV | ||